Sports Quiz

Random Sports or MLB Quiz

Most HR in a Season Without Mult-HR Game Quiz Stats

 Plays Quiz not verified by Sporcle

Challenge
Share
Tweet
Embed
Score 0/16 Timer 06:00
0 Plays Today
Year/Team Player % Correct
2008/ YankeesAlex Rodriguez
90.3%
2002/ CardinalsAlbert Pujols
86.9%
2004/ RockiesTodd Helton
86.2%
1966/ GiantsWillie Mays
85.2%
1982/ PhilliesMike Schmidt
82.4%
1999/ MetsMike Piazza
76.6%
1988/ AthleticsMark McGwire
76.2%
2001/ White SoxPaul Konerko
65.9%
Year/Team Player % Correct
1987/ TwinsKent Hrbek
46.6%
2005/ MarlinsCarlos Delgado
42.8%
1991/ BravesRon Gant
33.4%
1978/ AngelsDon Baylor
28.3%
1983/ White SoxRon Kittle
21.7%
1929/ CubsRogers Hornsby
15.2%
1952/ IndiansLarry Doby
15.2%
1992/ TigersMickey Tettleton
13.4%

You're not logged in!

Compare scores with friends on all Sporcle quizzes.
OR
Log In

You Might Also Like...

Show Comments

Extras

Top Quizzes Today


Score Distribution

Your Account Isn't Verified!

In order to create a playlist on Sporcle, you need to verify the email address you used during registration. Go to your Sporcle Settings to finish the process.

Report this User

Report this user for behavior that violates our Community Guidelines.

Details: